Trouvez l'acteur ou l'actrice...13 - Statistiques

Statistiques générales
  • Ce quiz a été pris 73 fois
  • Le résultat moyen est 5 sur 15
Statistiques - réponses
Films / Séries Acteurs / Actrices % Correct
L'arnacoeur - Rien à déclarer - La famille Bélier François Damiens
53%
Empire du soleil - American psycho - The dark knight: le chevalier noir Christian Bale
52%
Un village français - Le bazar de la charité - Intouchables Audrey Fleurot
48%
Le journal de Bridget Jones - Fous d'Irène - Miss Potter Renée Zellweger
48%
Amityville - X-men origins: Wolverine - Deadpool Ryan Reynolds
47%
Les aventures extraordinaires d'Adèle Blanc-Sec - Le petit Nicolas - L'amour dure trois ans Louise Bourgoin
45%
007 Spectre - Minuit à Paris - Les adieux à la reine Léa Seydoux
37%
Le masque de Zorro - Ocean's twelve - Le terminal Catherine Zeta-Jones
35%
Seven - Shakespeare in love - Glee Gwyneth Paltrow
34%
Les rues de San Francisco - La guerre des Rose - La méthode Kominsky Michael Douglas
29%
Une merveilleuse histoire du temps - Les animaux fantastiques - Danish girl Eddie Redmayne
26%
That '70s show - Le livre d'Eli - Bad moms Mila Kunis
26%
P.R.O.F.S - Barnie et ses petites contrariétés - Le bossu Fabrice Luchini
16%
Le grand sommeil - Le dernier des géants - L'homme qui tua Liberty Valance James Stewart
8%
L'odyssée de l'African Queen - La femme de l'année - Indiscrétions Katharine Hepburn
8%
Aucun quiz correspondant
Distribution des résultats
% des personnes avec chaque résultat
Percentile par nombre de réponses
Votre historique - résultats
Vous n’avez pas pris ce quiz